000 00364nam a2200157Ia 4500
003 OSt
005 20240118145439.0
008 170524s9999 xx 000 0 und d
020 _a0195676947
040 _cIIMT UNIVERSITY
100 _aJyoti/Venkatesh
100 _c2007
245 0 _aHUMAN RESOURCES MANAGEMENT
260 _aOxford University
942 _2ddc
_c02
999 _c2340
_d2340